Statistics for General Knowledge Quiz #1

Click here to take the quiz!

General Stats

  • This quiz has been taken 113,360 times
    (80,294 since last reset)
  • The average score is 11 of 20

Answer Stats

QuestionAnswer% Correct
In what language was Catholic mass always delivered, until the 1960s?Latin
86%
Two elements of the periodic table start with Z. Name either.Zinc or Zirconium
78%
Who are the best-selling Swedish band of all time?ABBA
77%
What single word sounds like "Youth in Asia"?Euthanasia
77%
Who was John Lennon's 2nd wife?Yoko Ono
71%
What is the capital of the Philippines?Manila
71%
What element has symbol Pb?Lead
69%
What is the Spanish word for bull?Toro
68%
What is the term for the smallest animal in a litter?Runt
68%
What country built the Maginot Line to resist invasion from its eastern neighbor?
(it didn't work)
France
57%
According to cliché, what do birds of a feather do?Flock Together
53%
The West Bank is one Palestinian territory. What is the other one?The Gaza Strip
53%
What were Harvey, Irma, and Maria?Hurricanes
52%
From where can you check out, but never leave?The Hotel California
47%
What former patent clerk was named Time Magazine's
"Person of the Century" in 1999?
Albert Einstein
47%
Who said, of his son, "I want Brooklyn to be Christened, but I don’t
know into what religion yet"?
David Beckham
44%
Who died in 1948, having never won the Nobel Peace Prize?
(It has been called the greatest omission in the history of the award)
Mohandas Gandhi
39%
On what island would you find the city of Honolulu?Oahu
36%
What city is bordered by the Golden Horn, the Bosphorus, and the Sea of Marmara?Istanbul
35%
What is the nearest city to New York City that has a population over 10 million?Mexico City
21%

Score Distribution

Percentile by Number Answered

Percent of People with Each Score

Your Score History

You have not taken this quiz since the last reset